| 000 | 00732nas a2200277 4500 | ||
|---|---|---|---|
| 001 | BR8802260 | ||
| 003 | BR-BrBNA | ||
| 005 | 20231205091113.0 | ||
| 007 | ta | ||
| 008 | 230509b bl.|||p| |||| 00| 00por d | ||
| 040 |
_aBR-BrBNA _bpor _cBiblioteca Nacional de Agricultura |
||
| 041 | _a(Pt) | ||
| 072 | _aE70 | ||
| 100 | 1 | _aFelicio, P.E. de | |
| 245 | 1 | _aO boi nao e feito so de bifes | |
| 650 | _aBOVINO | ||
| 650 | _aCARNE | ||
| 650 | _aOSSO | ||
| 650 | _aSANGUE | ||
| 650 | _aCOURO | ||
| 650 | _aSUBPRODUTO | ||
| 650 | _aCOMERCIALIZACAO | ||
| 773 | 0 |
_tCasa da Agricultura (Brazil) _xISSN 0100-6541 _g(Nov-Dec 1986), v. 8(6) p. 11-14 _wBR8802260 |
|
| 909 |
_a202311 _bLúcia _c55 _dLúcia Elande |
||
| 942 |
_2AGRIS _n0 _cANA |
||
| 999 |
_c122800 _d122800 |
||